Los nombres de las cosas

Saved in:
書目詳細資料
主要作者: Camilli, Ernesto (Author)
格式: 圖書
語言:西班牙语
出版: Buenos Aires Kapelusz 1962
叢編:Enfoques y fundamentos pedagógicos
主題:
標簽: 添加標簽
沒有標簽, 成為第一個標記此記錄!

MARC

LEADER 00000nam a2200000 a 4500
001 UCZ0651
003 CL-VaPUC
008 950804e19620400AG |||||||||||||||||spa|d
082 0 4 |a 372.623  |b CAM  |2 21 
100 0 |a Camilli, Ernesto  |e author  |9 343691 
245 1 4 |a Los nombres de las cosas 
246 1 0 |a Ensayo sobre la enseñanza de la redacción 
300 |a 75 p 
942 |c BK 
945 |d 19950804 00:00:00  |a cmena 
260 |a Buenos Aires  |b Kapelusz  |c 1962 
650 0 |a Redacción   |9 320524 
650 0 |a Enseñanza  |9 256457 
650 0 |a Métodos de enseñanza  |9 270413 
650 0 |a Planificación de la educación   |9 307333 
650 0 |a Poesías  |9 267890 
583 |a last modification  |c 19950804 00:00:00  |k Rodrigo Vera 
490 0 |a Enfoques y fundamentos pedagógicos 
999 |c 237564  |d 237562 
952 |0 0  |1 0  |4 0  |6 372_623000000000000_CAM_1962  |7 0  |8 P  |9 246880  |a BIBEDU  |b BIBEDU  |c BIBEDU_PB  |d 2019-11-18  |i 1552252  |o 372.623 CAM 1962  |p 1552252  |r 2024-01-25  |w 2019-11-18  |y BK  |k EDU 
952 |0 0  |1 0  |4 0  |6 372_623000000000000_CAM_1962  |7 0  |8 P  |9 246881  |a BIBEDU  |b BIBEDU  |c BIBEDU_PB  |d 2019-11-18  |i 1552260  |o 372.623 CAM 1962  |p 1552260  |r 2024-01-25  |w 2019-11-18  |y BK  |k EDU